Project management. Guide to project management in the construction industry (Record no. 106046)

MARC details
000 -LEADER
fixed length control field 00442cam a2200145 4500
001 - CONTROL NUMBER
control field L135406
008 - FIXED-LENGTH DATA ELEMENTS--GENERAL INFORMATION
fixed length control field 061024n2006 000 0 eng u
020 ## - INTERNATIONAL STANDARD BOOK NUMBER
International Standard Book Number 0580481441
035 ## - SYSTEM CONTROL NUMBER
System control number (Sirsi) u135406
245 ## - TITLE STATEMENT
Title Project management. Guide to project management in the construction industry
260 ## - PUBLICATION, DISTRIBUTION, ETC.
Place of publication, distribution, etc. BSI
Date of publication, distribution, etc. 2006
350 ## - PRICE (NR) (BK AM CF MU VM SE) [OBSOLETE]
Price 45.00
520 ## - SUMMARY, ETC.
Summary, etc. Now called Guide to project management in the construction industry (L135346)
942 ## - ADDED ENTRY ELEMENTS (KOHA)
Suppress in OPAC 0

No items available.